[Event "EU-ch (Women) 24th"]
[Site "Rhodes"]
[Date "2024.04.20"]
[Round "2"]
[White "Lamprianou, Marianna"]
[Black "Makka, Ioulia"]
[Result "0-1"]
[WhiteElo "1462"]
[BlackElo "1983"]
[PlyCount "60"]
[EventDate "2024.04.19"]
[EventType "swiss"]
[EventRounds "10"]
[EventCountry "GRE"]
[SourceTitle "CB18_2024"]
[SourceDate "2024.05.01"]
[SourceVersion "1"]
[SourceVersionDate "2024.05.01"]
[SourceQuality "2"]

1. e4 d6 2. d4 g6 3. Nf3 Bg7 4. Bc4 e6 5. Nc3 Ne7 6. d5 e5 7. 0-0 0-0 8. Be3 h6 9. Qd2 Kh7 10. Rfe1 f5 11. Qd3 f4 12. Bd2 Nd7 13. h3 g5 14. Qe2 Nf6 15. g4 fxg3 16. fxg3 Bxh3 17. Bxg5 Qd7 18. Nh2 hxg5 19. Bb5 Qc8 20. Rad1 a6 21. Bd3 Bh6 22. Qf3 Ng4 23. Qe2 Rf2 24. Qxf2 Nxf2 25. Kxf2 g4 26. Rh1 Qb8 27. Ke1 Qa7 28. Ne2 Rf8 29. Rd2 Qe3 30. Rd1 Qf2# 0-1

[Event "Fagernes op"]
[Site "Fagernes"]
[Date "2024.03.24"]
[Round "1"]
[White "Makka, Ioulia"]
[Black "Nielsen, Viktor Haarmark"]
[Result "0-1"]
[WhiteElo "1983"]
[BlackElo "2351"]
[PlyCount "110"]
[EventDate "2024.03.24"]
[EventType "swiss"]
[EventRounds "9"]
[EventCountry "NOR"]
[SourceTitle "CB14_2024"]
[SourceDate "2024.04.01"]
[SourceVersion "1"]
[SourceVersionDate "2024.04.01"]
[SourceQuality "1"]

1. e4 e5 2. Nf3 Nc6 3. Bb5 a6 4. Ba4 Nf6 5. d3 b5 6. Bb3 Bc5 7. a4 Rb8 8. axb5 axb5 9. 0-0 d6 10. h3 0-0 11. c3 h6 12. Re1 Re8 13. Be3 Bxe3 14. fxe3 Be6 15. Bxe6 Rxe6 16. Nbd2 d5 17. exd5 Qxd5 18. d4 e4 19. Nh2 Ne7 20. b3 Qg5 21. Ndf1 Nf5 22. Ra2 Nd5 23. Qd2 Rc6 24. Rc2 Nh4 25. Re2 Ra8 26. c4 bxc4 27. bxc4 Nb6 28. Qc1 Ra4 29. c5 Nd5 30. Ra2 Rxa2 31. Rxa2 Rg6 32. Qd2 h5 33. Kh1 Nf5 34. Ra3 Kh7 35. Qe2 Nh4 36. g3 Nf5 37. g4 Nf6 38. Ra6 hxg4 39. hxg4 Nh6 40. Rc6 Qh4 41. Ra6 Nhxg4 42. Ra2 Nd5 43. Rb2 Nc3 44. Qd2 Nd1 45. Qxd1 Nf2+ 46. Rxf2 Qxf2 47. Ng4 Qh4+ 48. Nfh2 Rg5 49. Qe2 f5 50. Ne5 Qg3 51. Qf1 Qxe3 52. Nc6 Qg3 53. Ne7 f4 54. d5 f3 55. d6 f2 0-1

[Event "Rilton Cup 51st"]
[Site "Stockholm"]
[Date "2024.01.05"]
[Round "9"]
[White "Ljung, Harald"]
[Black "Makka, Ioulia"]
[Result "1-0"]
[WhiteElo "2120"]
[BlackElo "1936"]
[PlyCount "71"]
[EventDate "2023.12.27"]
[EventType "swiss"]
[EventRounds "9"]
[EventCountry "SWE"]
[SourceTitle "CB02_2024"]
[SourceDate "2024.01.10"]
[SourceVersion "1"]
[SourceVersionDate "2024.01.10"]
[SourceQuality "1"]

1. d4 g6 2. g3 Bg7 3. Bg2 d6 4. Nf3 Nd7 5. 0-0 e5 6. Bg5 Ngf6 7. dxe5 dxe5 8. Nc3 h6 9. Bc1 0-0 10. e4 b6 11. Qe2 a5 12. Rd1 Ba6 13. Qe1 Qe7 14. b3 Rfd8 15. Bb2 Qe6 16. Nd5 Ne8 17. c4 c6 18. Nc3 Nc5 19. Qe3 Nd6 20. Ba3 Ndb7 21. h4 Qe8 22. Ne1 Rxd1 23. Rxd1 Rd8 24. Nd3 Nd7 25. Bh3 b5 26. Qa7 Nb8 27. cxb5 cxb5 28. Nd5 b4 29. Bb2 Nd6 30. Nc5 Be2 31. Re1 Nc6 32. Qc7 Bb5 33. Bd7 Rxd7 34. Nxd7 Nc8 35. N7f6+ Bxf6 36. Nxf6+ 1-0

[Event "Rilton Cup 51st"]
[Site "Stockholm"]
[Date "2023.12.31"]
[Round "5"]
[White "Makka, Ioulia"]
[Black "Logdahl, Harald"]
[Result "0-1"]
[WhiteElo "1936"]
[BlackElo "2187"]
[PlyCount "50"]
[EventDate "2023.12.27"]
[EventType "swiss"]
[EventRounds "9"]
[EventCountry "SWE"]
[SourceTitle "CB02_2024"]
[SourceDate "2024.01.10"]
[SourceVersion "1"]
[SourceVersionDate "2024.01.10"]
[SourceQuality "1"]

1. e4 Nf6 2. e5 Nd5 3. d4 d6 4. Nf3 Bg4 5. Be2 c6 6. Ng5 Bf5 7. g4 Bg6 8. e6 fxe6 9. c4 Nc7 10. Nc3 Nd7 11. Be3 Nf6 12. Qb3 h6 13. Nh3 Qc8 14. Nf4 Bf7 15. Nd3 g6 16. a4 Bg7 17. 0-0-0 0-0 18. g5 hxg5 19. Bxg5 b5 20. axb5 cxb5 21. Nb4 bxc4 22. Bxc4 Rb8 23. Qa4 Qb7 24. Nd3 Rfc8 25. Rd2 Qxh1+ 0-1

[Event "GRE-ch (Women) 45th"]
[Site "Athens"]
[Date "2023.12.09"]
[Round "9"]
[White "Makka, Ioulia"]
[Black "Makropoulou, Marina"]
[Result "1-0"]
[WhiteElo "1900"]
[BlackElo "2124"]
[PlyCount "93"]
[EventDate "2023.12.01"]
[EventType "tourn"]
[EventRounds "9"]
[EventCountry "GRE"]
[SourceTitle "CB50_2023"]
[SourceDate "2023.12.13"]
[SourceVersion "1"]
[SourceVersionDate "2023.12.13"]
[SourceQuality "1"]

1. e4 e5 2. Nf3 Nc6 3. Bb5 a6 4. Ba4 Nf6 5. d3 d6 6. c3 g6 7. Nbd2 Bg7 8. 0-0 0-0 9. Re1 b5 10. Bb3 Na5 11. Bc2 c5 12. a4 Bb7 13. axb5 axb5 14. d4 Nc6 15. Rxa8 Qxa8 16. dxc5 dxc5 17. Qe2 c4 18. b3 cxb3 19. Nxb3 b4 20. c4 Nd4 21. Nfxd4 exd4 22. f3 Nd7 23. c5 Ba6 24. Bd3 Bxd3 25. Qxd3 Ne5 26. Qd2 Rd8 27. f4 Qa4 28. Qd1 Nc4 29. Qd3 Na5 30. Nd2 Qc6 31. e5 Qxc5 32. Bb2 Qd5 33. Ra1 Nc6 34. Ra6 f6 35. exf6 Bxf6 36. Qe4 Ne7 37. Rxf6 Qxe4 38. Nxe4 d3 39. Bc1 Rc8 40. Bd2 Rc4 41. Re6 Nd5 42. Re8+ Kg7 43. Rd8 Nc3 44. Nf2 b3 45. Nxd3 Ne4 46. Be3 Ra4 47. Bd4+ 1-0

[Event "EU-ch (Women) 23rd"]
[Site "Petrovac"]
[Date "2023.03.20"]
[Round "3"]
[White "Sieber, Fiona"]
[Black "Makka, Ioulia"]
[Result "0-1"]
[WhiteElo "2217"]
[BlackElo "1949"]
[PlyCount "116"]
[EventDate "2023.03.18"]
[EventType "swiss"]
[EventRounds "11"]
[EventCountry "MNE"]
[SourceTitle "CBM 213 Extra"]
[Source "ChessBase"]
[SourceDate "2023.05.31"]
[SourceVersion "1"]
[SourceVersionDate "2023.05.31"]
[SourceQuality "1"]

1. e4 e5 2. Nc3 Nc6 3. Bc4 d6 4. d3 Nf6 5. f4 exf4 6. Bxf4 Na5 7. Qe2 Bg4 8. Nf3 Nxc4 9. dxc4 Nh5 10. g3 Be7 11. 0-0-0 Qc8 12. Nd5 Bd8 13. h3 Nxf4 14. gxf4 Bh5 15. Qg2 Rg8 16. e5 c6 17. Nf6+ Bxf6 18. exf6 Qf5 19. Qe2+ Qe6 20. Rhe1 0-0-0 21. Qxe6+ fxe6 22. Rd3 Kd7 23. f5 exf5 24. Re7+ Kc8 25. fxg7 Rd7 26. Rxd7 Kxd7 27. Nd4 Bg6 28. Rb3 Kc8 29. Rg3 Rxg7 30. Nxf5 Rd7 31. Nd4 Re7 32. Kd2 Kc7 33. Rf3 a6 34. c3 Bh5 35. Rf6 Bg6 36. Ne6+ Kb6 37. Nf8 Bb1 38. Rxd6 Bxa2 39. Rd4 Bb1 40. b4 Bf5 41. Rf4 Rf7 42. Rxf5 Rxf5 43. Nxh7 Rh5 44. Nf6 Rxh3 45. Nd7+ Kc7 46. Nc5 Rh8 47. Kd3 Ra8 48. Nb3 b6 49. Kc2 a5 50. c5 a4 51. cxb6+ Kxb6 52. Nd4 c5 53. bxc5+ Kxc5 54. Kb2 Kc4 55. Nc2 Rh8 56. Ne3+ Kb5 57. Nd5 Rd8 58. Ne3 Rd2+ 0-1

[Event "GRE-ch (Women) 44th"]
[Site "Athens"]
[Date "2022.12.06"]
[Round "5"]
[White "Makka, Ioulia"]
[Black "Delis, Georgios"]
[Result "1-0"]
[WhiteElo "1952"]
[BlackElo "1718"]
[PlyCount "100"]
[EventDate "2022.12.03"]
[EventType "tourn"]
[EventRounds "11"]
[EventCountry "GRE"]
[SourceTitle "CBM 211 Extra"]
[Source "ChessBase"]
[SourceDate "2023.01.31"]
[SourceVersion "1"]
[SourceVersionDate "2023.01.31"]
[SourceQuality "1"]

1. e4 c5 2. Nf3 e6 3. d4 cxd4 4. Nxd4 Nc6 5. Nb5 d6 6. c4 a6 7. N5c3 Nf6 8. Be2 Qa5 9. 0-0 Be7 10. Be3 0-0 11. Nd2 Rd8 12. Nb3 Qc7 13. Bf4 Ne5 14. Rc1 b6 15. Kh1 Bb7 16. f3 Rac8 17. Be3 Kh8 18. Qe1 Rg8 19. Qf2 Ned7 20. Nd4 g5 21. a3 Rg6 22. b4 Rcg8 23. Rg1 g4 24. fxg4 Ne5 25. h3 Nxe4 26. Nxe4 Bxe4 27. Nf3 f5 28. Nxe5 dxe5 29. Bf3 Qb7 30. Bxe4 Qxe4 31. Qf3 Qxf3 32. gxf3 e4 33. fxe4 fxg4 34. hxg4 e5 35. c5 bxc5 36. bxc5 Rc6 37. Rc4 Bg5 38. Bf2 Bf4 39. Rg2 Rb8 40. g5 Rb1+ 41. Bg1 h5 42. Rb4 Ra1 43. g6 Rc8 44. g7+ Kg8 45. Rb3 h4 46. Rg4 Bg3 47. Rf3 Rb1 48. Rf6 Rb7 49. Rfg6 Rcc7 50. Rxa6 Rb1 1-0

[Event "GRE-ch (Women) 44th"]
[Site "Athens"]
[Date "2022.12.04"]
[Round "2"]
[White "Androni, Konstantina"]
[Black "Makka, Ioulia"]
[Result "1-0"]
[WhiteElo "1964"]
[BlackElo "1952"]
[PlyCount "99"]
[EventDate "2022.12.03"]
[EventType "tourn"]
[EventRounds "11"]
[EventCountry "GRE"]
[SourceTitle "CBM 211 Extra"]
[Source "ChessBase"]
[SourceDate "2023.01.31"]
[SourceVersion "1"]
[SourceVersionDate "2023.01.31"]
[SourceQuality "1"]

1. d4 d5 2. c4 e6 3. Nc3 Nf6 4. cxd5 exd5 5. Bg5 Be7 6. e3 c6 7. Bd3 Ne4 8. Bf4 f5 9. f3 Bh4+ 10. g3 Nxc3 11. bxc3 Be7 12. Qc2 0-0 13. h4 Be6 14. Nh3 c5 15. Bg5 c4 16. Be2 b5 17. Rb1 a6 18. Nf4 Qd7 19. Bxe7 Qxe7 20. a4 bxa4 21. Kf2 a3 22. Rb6 Rf6 23. Rxe6 Rxe6 24. Nxd5 Qd6 25. Bxc4 Kh8 26. Qxf5 Re8 27. Bd3 g6 28. Qf6+ Qxf6 29. Nxf6 Rc8 30. Nd5 Nd7 31. Ra1 a5 32. Rxa3 Rcb8 33. e4 Rb2+ 34. Ke3 a4 35. e5 Kg7 36. Bc4 Ra5 37. e6 Nf6 38. e7 Ne8 39. Nb4 Nd6 40. Kd3 Ra7 41. Nc6 Ra8 42. Bd5 Kf6 43. c4 Ne8 44. c5 Nc7 45. Bc4 Nb5 46. Rxa4 Rxa4 47. e8Q Ra3+ 48. Ke4 Nc3+ 49. Kf4 Rd2 50. Qf7# 1-0

[Event "Olympiad Women-44"]
[Site "Chennai"]
[Date "2022.08.06"]
[Round "8.4"]
[White "Makka, Ioulia"]
[Black "Antova, Gabriela"]
[Result "0-1"]
[WhiteElo "1975"]
[BlackElo "2275"]
[PlyCount "72"]
[EventDate "2022.07.29"]
[EventType "team-swiss"]
[EventRounds "11"]
[EventCountry "IND"]
[SourceTitle "CBM 210"]
[Source "ChessBase"]
[SourceDate "2022.10.31"]
[SourceVersion "1"]
[SourceVersionDate "2022.10.31"]
[SourceQuality "1"]
[WhiteTeam "Greece (W)"]
[BlackTeam "Bulgaria (W)"]
[WhiteTeamCountry "GRE"]
[BlackTeamCountry "BUL"]

1. e4 e5 2. Nf3 Nc6 3. Bb5 a6 4. Ba4 d6 5. c3 Bd7 6. d4 g6 7. d5 Nce7 8. Bxd7+ Qxd7 9. c4 Bg7 10. Nc3 h6 11. b3 f5 12. Bb2 Nf6 13. Nd2 0-0 14. 0-0 Rf7 15. f3 h5 16. b4 Bh6 17. Qe2 Raf8 18. Nb3 f4 19. c5 g5 20. cxd6 cxd6 21. b5 g4 22. bxa6 bxa6 23. Qxa6 Rg7 24. Kh1 h4 25. Qe2 h3 26. fxg4 hxg2+ 27. Qxg2 Nxg4 28. Qf3 Ng6 29. Qd3 Nh4 30. Qb5 Qa7 31. Nd1 f3 32. Qc6 Nxh2 33. Kxh2 Bf4+ 34. Kh1 Nf5 35. Rf2 Qe7 36. Qc2 Qh4+ 0-1

[Event "Olympiad Women-44"]
[Site "Chennai"]
[Date "2022.08.02"]
[Round "5.4"]
[White "Makka, Ioulia"]
[Black "Maklakova, Nellija"]
[Result "1-0"]
[WhiteElo "1975"]
[BlackElo "1819"]
[PlyCount "101"]
[EventDate "2022.07.29"]
[EventType "team-swiss"]
[EventRounds "11"]
[EventCountry "IND"]
[SourceTitle "CBM 210"]
[Source "ChessBase"]
[SourceDate "2022.10.31"]
[SourceVersion "1"]
[SourceVersionDate "2022.10.31"]
[SourceQuality "1"]
[WhiteTeam "Greece (W)"]
[BlackTeam "Latvia (W)"]
[WhiteTeamCountry "GRE"]
[BlackTeamCountry "LAT"]

1. e4 e6 2. d4 d5 3. Nc3 Bb4 4. e5 c5 5. Bd2 cxd4 6. Nb5 Bc5 7. b4 Bf8 8. Nxd4 Bd7 9. Ngf3 Nc6 10. Nxc6 bxc6 11. Bd3 f5 12. h4 Qc7 13. Qe2 Ne7 14. c3 c5 15. bxc5 Nc6 16. c4 dxc4 17. Bxc4 Bxc5 18. 0-0 Nd4 19. Nxd4 Bxd4 20. Rac1 Qxe5 21. Qf3 0-0 22. Rfe1 Qd6 23. Bf4 Qb6 24. Rb1 Qa5 25. Red1 Qc5 26. Rbc1 Qb6 27. Bc7 Qb2 28. Qe2 Qxe2 29. Bxe2 Bb2 30. Rb1 Ba4 31. Rxb2 Bxd1 32. Bxd1 Rac8 33. Bf4 Rc4 34. g3 Rd8 35. Bb3 Rc6 36. Re2 Kf7 37. Re5 h6 38. Rxf5+ Ke7 39. Ra5 a6 40. Re5 Kf6 41. Re2 g5 42. hxg5+ hxg5 43. Be3 g4 44. Re1 e5 45. Kf1 Kf5 46. Ke2 Rb8 47. Rh1 a5 48. Rh5+ Ke4 49. Rg5 Rxb3 50. axb3 Rc2+ 51. Bd2 1-0

[Event "GRE-ch (Women) 43rd"]
[Site "Lamia"]
[Date "2021.12.09"]
[Round "6"]
[White "Makka, Ioulia"]
[Black "Grapsa, Georgia"]
[Result "1/2-1/2"]
[WhiteElo "2023"]
[BlackElo "1946"]
[PlyCount "53"]
[EventDate "2021.12.04"]
[EventType "tourn"]
[EventRounds "9"]
[EventCountry "GRE"]
[SourceTitle "CBM 205 Extra"]
[Source "ChessBase"]
[SourceDate "2022.01.31"]
[SourceVersion "1"]
[SourceVersionDate "2022.01.31"]
[SourceQuality "1"]

1. e4 c5 2. Nf3 d6 3. Bb5+ Bd7 4. Bxd7+ Qxd7 5. 0-0 Nf6 6. e5 dxe5 7. Nxe5 Qc8 8. Nc3 Nc6 9. Nc4 e6 10. d3 Be7 11. Bf4 0-0 12. Bg3 Nd4 13. a4 b6 14. h3 Rd8 15. Re1 Qb7 16. Be5 Rd7 17. Re3 Nf5 18. Re1 Nh4 19. f3 Nh5 20. Ne4 Ng6 21. Bh2 Qd5 22. Qe2 Re8 23. Nc3 Qg5 24. Ne4 Qd5 25. Nc3 Qg5 26. Ne4 Qd5 27. Nc3 1/2-1/2

[Event "GRE-ch (Women) 43rd"]
[Site "Lamia"]
[Date "2021.12.07"]
[Round "4"]
[White "Makka, Ioulia"]
[Black "Mihailidou, Magdalini"]
[Result "1/2-1/2"]
[WhiteElo "2023"]
[BlackElo "1728"]
[PlyCount "164"]
[EventDate "2021.12.04"]
[EventType "tourn"]
[EventRounds "9"]
[EventCountry "GRE"]
[SourceTitle "CBM 205 Extra"]
[Source "ChessBase"]
[SourceDate "2022.01.31"]
[SourceVersion "1"]
[SourceVersionDate "2022.01.31"]
[SourceQuality "1"]

1. e4 e5 2. Nf3 Nc6 3. Bb5 a6 4. Ba4 Nge7 5. c3 g6 6. d4 exd4 7. cxd4 b5 8. Bb3 Bg7 9. d5 Na5 10. Bd2 Nxb3 11. Qxb3 d6 12. Bc3 0-0 13. Bxg7 Kxg7 14. Nbd2 Ng8 15. 0-0 Re8 16. Rac1 Nf6 17. Qc3 Ra7 18. Nd4 Bd7 19. f3 Kg8 20. N2b3 Nh5 21. Rc2 Qg5 22. Qd2 Nf4 23. Kh1 f5 24. g3 Nh3 25. Qxg5 Nxg5 26. h4 Nf7 27. exf5 gxf5 28. f4 Nh6 29. Rfc1 Rc8 30. Na5 Kf7 31. Re2 Ng4 32. Rce1 Nf6 33. Re7+ Kf8 34. Kg2 Re8 35. Rxe8+ Nxe8 36. Rd1 Nf6 37. Nc2 Ra8 38. Ne3 Re8 39. Kf3 Re4 40. a3 Be8 41. Rc1 Re7 42. Nc6 Bh5+ 43. Kf2 Re8 44. Nd4 Bg4 45. Ne6+ Kg8 46. Nxc7 Rc8 47. Rc6 Kf7 48. Nxa6 Re8 49. Nc7 Rb8 50. b4 Ke7 51. Ra6 Rb7 52. Ne6 Nxd5 53. Nxd5+ Kxe6 54. Nc3 Bh5 55. Ke3 Be8 56. Ne2 Kd5 57. Ra8 Bh5 58. Nd4 Re7+ 59. Kd3 Re4 60. Nxf5 Be2+ 61. Kd2 Bc4 62. Rd8 Re6 63. Ne3+ Kd4 64. Nc2+ Ke4 65. Ne1 d5 66. Nc2 Rg6 67. Re8+ Kf3 68. Re3+ Kf2 69. Nd4 h5 70. Rf3+ Kg2 71. Re3 Rg4 72. Rf3 Bf1 73. Ke3 Bc4 74. Nc2 Rxg3 75. Ne1+ Kh3 76. Rxg3+ Kxg3 77. Nf3 Kg4 78. Nd4 Kxh4 79. Kf3 Bd3 80. Ke3 Bc4 81. Kf3 Bd3 82. Ke3 Bc4 1/2-1/2

[Event "GRE-ch (Women) 43rd"]
[Site "Lamia"]
[Date "2021.12.06"]
[Round "3"]
[White "Drakaki, Anna Maria"]
[Black "Makka, Ioulia"]
[Result "1-0"]
[WhiteElo "1942"]
[BlackElo "2023"]
[PlyCount "70"]
[EventDate "2021.12.04"]
[EventType "tourn"]
[EventRounds "9"]
[EventCountry "GRE"]
[SourceTitle "CBM 205 Extra"]
[Source "ChessBase"]
[SourceDate "2022.01.31"]
[SourceVersion "1"]
[SourceVersionDate "2022.01.31"]
[SourceQuality "1"]

1. d4 Nf6 2. c4 e6 3. g3 Bb4+ 4. Bd2 Qe7 5. Bg2 Nc6 6. Nf3 0-0 7. Nc3 Bxc3 8. Bxc3 Ne4 9. d5 Nxc3 10. bxc3 Nb8 11. d6 cxd6 12. Nd4 a6 13. Rb1 Nc6 14. 0-0 f5 15. Qd2 Rf6 16. Nc2 Ne5 17. Ne3 Nf7 18. h4 h6 19. Rb6 g5 20. hxg5 hxg5 21. Rfb1 Rh6 22. a4 Rh8 23. Qd4 Qf8 24. a5 Qh6 25. c5 Qh2+ 26. Kf1 dxc5 27. Qxc5 d5 28. Nxf5 exf5 29. Rg6+ Kh7 30. Rbb6 Rg8 31. Rxg8 Kxg8 32. Qe7 Qh7 33. Bxd5 Qh3+ 34. Ke1 Be6 35. Rxe6 Qh7 1-0

[Event "Nikaia op 28th"]
[Site "Nikaia"]
[Date "2021.08.25"]
[Round "5"]
[White "Makka, Ioulia"]
[Black "Lymperopoulos, Georgios"]
[Result "0-1"]
[WhiteElo "2063"]
[BlackElo "1744"]
[PlyCount "78"]
[EventDate "2021.08.21"]
[EventType "swiss"]
[EventRounds "7"]
[EventCountry "GRE"]
[SourceTitle "CBM 204 Extra"]
[Source "ChessBase"]
[SourceDate "2021.11.30"]
[SourceVersion "1"]
[SourceVersionDate "2021.11.30"]
[SourceQuality "1"]

1. e4 c5 2. Nf3 e6 3. b3 d6 4. Bb2 Nf6 5. Nc3 Be7 6. d4 cxd4 7. Nxd4 0-0 8. Be2 Nc6 9. 0-0 a6 10. a4 Nxd4 11. Qxd4 b6 12. Kh1 Bb7 13. Rad1 Re8 14. f4 Bf8 15. Qe3 Qc7 16. Bf3 Rad8 17. Qe2 Qc5 18. Nb1 Qc7 19. c4 d5 20. e5 Ne4 21. cxd5 exd5 22. Rc1 Qe7 23. Qe1 Rc8 24. Ba3 Rxc1 25. Qxc1 Qh4 26. Kg1 Rc8 27. Qe3 Bxa3 28. Nxa3 Qe7 29. Nb1 Qb4 30. Bxe4 dxe4 31. f5 Rd8 32. Qg5 Qd4+ 33. Kh1 Qd1 34. Rg1 h6 35. Qe7 e3 36. Nc3 Bxg2+ 37. Kxg2 Rd2+ 38. Kh3 Qxg1 39. Qe8+ Kh7 0-1

[Event "GRE-ch (Women) 42nd"]
[Site "Thessaloniki"]
[Date "2019.11.28"]
[Round "9"]
[White "Makka, Ioulia"]
[Black "Stefanidi, Maria Anna"]
[Result "1/2-1/2"]
[WhiteElo "2048"]
[BlackElo "2012"]
[PlyCount "84"]
[EventDate "2019.11.20"]
[EventType "tourn"]
[EventRounds "9"]
[EventCountry "GRE"]
[SourceTitle "CBM 193 Extra"]
[Source "ChessBase"]
[SourceDate "2020.01.31"]
[SourceVersion "1"]
[SourceVersionDate "2020.01.31"]
[SourceQuality "1"]

1. e4 c5 2. Nf3 e6 3. Qe2 Nc6 4. c3 d5 5. exd5 Qxd5 6. Na3 Nf6 7. d3 Bd6 8. Ng5 b6 9. Ne4 Bb8 10. Nxf6+ gxf6 11. Nc4 Bb7 12. Bd2 Bc7 13. Ne3 Qd7 14. Ng4 Qe7 15. f4 0-0-0 16. 0-0-0 f5 17. Nf2 h5 18. Nh3 a6 19. Ng5 b5 20. Rg1 b4 21. Be3 bxc3 22. bxc3 Qf6 23. Qb2 e5 24. Bxc5 exf4 25. Nf3 Rhe8 26. d4 Re3 27. Bd3 Ne7 28. Qa3 Nd5 29. Rd2 Rg8 30. Rgd1 Rxd3 31. Rxd3 Ne3 32. Re1 Rxg2 33. Nd2 Be4 34. Nxe4 fxe4 35. Rdxe3 fxe3 36. Qa4 Kd8 37. Qc4 Qf5 38. Qxa6 e2 39. Qa8+ Kd7 40. Qa4+ Kd8 41. Qa8+ Kd7 42. Qa4+ Kd8 1/2-1/2

[Event "GRE-ch (Women) 42nd"]
[Site "Thessaloniki"]
[Date "2019.11.22"]
[Round "3"]
[White "Pavlidou, Ekaterini"]
[Black "Makka, Ioulia"]
[Result "1-0"]
[WhiteElo "2183"]
[BlackElo "2048"]
[PlyCount "73"]
[EventDate "2019.11.20"]
[EventType "tourn"]
[EventRounds "9"]
[EventCountry "GRE"]
[SourceTitle "CBM 193 Extra"]
[Source "ChessBase"]
[SourceDate "2020.01.31"]
[SourceVersion "1"]
[SourceVersionDate "2020.01.31"]
[SourceQuality "1"]

1. d4 Nf6 2. c4 e6 3. Nf3 b6 4. g3 Ba6 5. b3 b5 6. Bg2 bxc4 7. Ne5 Bb4+ 8. Kf1 c6 9. bxc4 0-0 10. Qc2 d5 11. a3 Bd6 12. Bg5 h6 13. h4 Re8 14. Bf4 Nh5 15. Nd2 Nxf4 16. gxf4 Qf6 17. e3 Qe7 18. Kg1 Rc8 19. Rh3 Qd8 20. h5 Nd7 21. Qa4 Bb7 22. c5 Be7 23. Ndf3 Nf8 24. Kh2 f6 25. Nd3 Qc7 26. Rg1 Kf7 27. Rg3 Nd7 28. Bh3 Bf8 29. Nh4 e5 30. fxe5 Kg8 31. Be6+ Kh7 32. Qc2 g6 33. hxg6+ Kh8 34. g7+ Bxg7 35. Rxg7 Qd8 36. Rxd7 Qe8 37. Nf4 1-0

[Event "EU-chT (Women) 22nd"]
[Site "Batumi"]
[Date "2019.10.28"]
[Round "5.10"]
[White "Lomaia, Diana"]
[Black "Makka, Ioulia"]
[Result "1/2-1/2"]
[WhiteElo "1861"]
[BlackElo "2048"]
[PlyCount "118"]
[EventDate "2019.10.24"]
[EventType "team-swiss"]
[EventRounds "9"]
[EventCountry "GEO"]
[SourceTitle "CBM 192 Extra"]
[Source "Chessbase"]
[SourceDate "2019.11.06"]
[SourceVersion "1"]
[SourceVersionDate "2019.11.06"]
[SourceQuality "1"]
[WhiteTeam "Georgia (W) III"]
[BlackTeam "Greece (W)"]
[WhiteTeamCountry "GEO"]
[BlackTeamCountry "GRE"]

1. d4 Nf6 2. c4 e6 3. g3 Bb4+ 4. Bd2 Qe7 5. Nf3 0-0 6. Bg2 Nc6 7. Nc3 Bxc3 8. Bxc3 Ne4 9. Rc1 d5 10. 0-0 b6 11. Qb3 Nxc3 12. Qxc3 Bb7 13. Rfd1 Nb4 14. Qb3 dxc4 15. Rxc4 a5 16. Ne5 Bxg2 17. Kxg2 Qd6 18. a3 Na6 19. Rc6 Qe7 20. Qf3 Rad8 21. Rc3 Rd6 22. Nc6 Qd7 23. b4 axb4 24. axb4 Nb8 25. Ne5 Qa4 26. Rdc1 Na6 27. Nc6 Qb5 28. Qd3 Qxd3 29. Rxd3 Rxc6 30. Rxc6 Nxb4 31. Rxc7 Nxd3 32. exd3 Rb8 33. Rc4 b5 34. Rb4 Kf8 35. Kf3 Ke7 36. Ke4 Kd6 37. f4 f5+ 38. Ke3 Kc6 39. Kd2 Ra8 40. Rb2 Ra4 41. Kc3 Ra3+ 42. Kd2 Kb6 43. Ke3 Ka5 44. Rc2 b4 45. Rc8 Rc3 46. Ra8+ Kb5 47. d5 exd5 48. Kd4 Ra3 49. Rc8 Ka4 50. Rc7 Kb3 51. Kxd5 Ka2 52. Rc2+ Kb1 53. Rf2 b3 54. Ke6 Ra2 55. Rf1+ Kc2 56. d4 b2 57. d5 Kc3 58. Rb1 Ra1 59. Rxb2 Kxb2 1/2-1/2